=LDR 00000nam 2200000 4500 =001 INLIS000000000809916 =005 20260413020324 =035 ##$$a 0010-0925000041 =008 260413###########################0#ind## =245 ##$$a Kunci-Kunci Rizki /$c Dr. Fadhl Ilahi =084 ##$$a 297.57 ILA =020 ##$$a 9789791254731 =260 ##$$a Jakarta : :$b Darul Haq